[Event "CHN-chB"]
[Site "Zhongshan"]
[Date "2015.07.18"]
[Round "3"]
[White "Lan, Zilun"]
[Black "Lu, Yijie"]
[Result "1/2-1/2"]
[WhiteElo "2219"]
[BlackElo "2393"]
[PlyCount "33"]
[EventDate "2015.07.17"]
[EventType "swiss"]
[EventRounds "11"]
[EventCountry "CHN"]
[SourceTitle "CBM 167 Extra"]
[Source "ChessBase"]
[SourceDate "2015.09.14"]
[SourceVersion "1"]
[SourceVersionDate "2015.09.14"]
[SourceQuality "1"]

1. d4 Nf6 2. c4 g6 3. Nc3 Bg7 4. e4 d6 5. f3 0-0 6. Be3 a6 7. Bd3 Nc6 8. Nge2 e5 9. d5 Nb4 10. Bb1 a5 11. Qd2 b6 12. g4 h5 13. h3 Nh7 14. a3 Na6 15. Bc2 Qh4+ 16. Bf2 Qg5 17. Be3 1/2-1/2

[Event "CHN-chB"]
[Site "Zhongshan"]
[Date "2015.07.17"]
[Round "2"]
[White "Lu, Yijie"]
[Black "Zhou, Hao"]
[Result "1-0"]
[WhiteElo "2393"]
[BlackElo "1990"]
[PlyCount "60"]
[EventDate "2015.07.17"]
[EventType "swiss"]
[EventRounds "11"]
[EventCountry "CHN"]
[SourceTitle "CBM 167 Extra"]
[Source "ChessBase"]
[SourceDate "2015.09.14"]
[SourceVersion "1"]
[SourceVersionDate "2015.09.14"]
[SourceQuality "1"]

1. e4 c5 2. Nf3 d6 3. d4 cxd4 4. Nxd4 Nf6 5. Nc3 a6 6. Be3 e6 7. Be2 b5 8. Bf3 b4 9. Na4 Bb7 10. Qd2 Qa5 11. b3 Bxe4 12. a3 d5 13. 0-0 Bxf3 14. Nxf3 Nbd7 15. axb4 Qxb4 16. c3 Qb7 17. c4 Bb4 18. Qd4 0-0 19. c5 Rac8 20. Rfc1 a5 21. Rc2 Ne4 22. Rac1 Rc6 23. Qb2 Rfc8 24. Nd4 Rxc5 25. Nxc5 Rxc5 26. f3 Nef6 27. Ne2 Rxc2 28. Rxc2 h6 29. Nf4 Kf8 30. Nd3 Bd6 1-0

[Event "Ho Chi Minh City HD Bank op 3rd"]
[Site "Ho Chi Minh City"]
[Date "2013.03.20"]
[Round "3"]
[White "Chu, Wei Chao"]
[Black "Lu, Yijie"]
[Result "1/2-1/2"]
[WhiteElo "2243"]
[BlackElo "2400"]
[PlyCount "130"]
[EventDate "2013.03.19"]
[EventType "swiss"]
[EventRounds "9"]
[EventCountry "VIE"]
[SourceTitle "CBM 153 Extra"]
[Source "ChessBase"]
[SourceDate "2013.04.22"]
[SourceVersion "1"]
[SourceVersionDate "2013.04.22"]
[SourceQuality "1"]

1. e4 c5 2. Nf3 d6 3. d4 cxd4 4. Nxd4 Nf6 5. Nc3 a6 6. Be3 e6 7. Be2 Qc7 8. 0-0 b5 9. f4 Bb7 10. Bf3 Nbd7 11. a3 Nc5 12. e5 dxe5 13. Bxb7 Nxb7 14. fxe5 Qxe5 15. Qf3 Bc5 16. Qc6+ Nd7 17. Kh1 0-0 18. Qxd7 Qxe3 19. Nb3 Rab8 20. Rae1 Qh6 21. Nxc5 Nxc5 22. Qd6 Na4 23. Nxa4 bxa4 24. Rb1 Rfc8 25. c4 Qh5 26. Qxa6 Qe2 27. Rbc1 h6 28. h3 Rc7 29. Rfe1 Qd3 30. Qxa4 Rxb2 31. c5 Qd5 32. Rg1 Rc6 33. Qa8+ Kh7 34. Qe8 Kg6 35. Rc3 e5 36. Rg3+ Kh7 37. Rf1 Rg6 38. Rff3 Rc2 39. Rxg6 Qd1+ 40. Kh2 Qxf3 41. Rg4 h5 42. Qa4 Qe2 43. Rg5 Rxc5 44. Qa7 Qf2 45. Rxh5+ Kg6 46. Rf5 Qxf5 47. Qxc5 Qf4+ 48. Kg1 e4 49. Qc2 f5 50. a4 e3 51. a5 Qe5 52. Qe2 f4 53. a6 Kf6 54. a7 Qa1+ 55. Qf1 Qxa7 56. Qxf4+ Ke6 57. Qe4+ Kd6 58. Kh2 Qc5 59. Kg3 Qe5+ 60. Qxe5+ Kxe5 61. Kf3 Kd4 62. Ke2 Ke4 63. h4 Kd4 64. h5 Ke4 65. Kd1 Ke5 1/2-1/2

[Event "Ho Chi Minh City HD Bank op 3rd"]
[Site "Ho Chi Minh City"]
[Date "2013.03.19"]
[Round "1"]
[White "Dang, Hoang Son"]
[Black "Lu, Yijie"]
[Result "0-1"]
[WhiteElo "2063"]
[BlackElo "2400"]
[PlyCount "90"]
[EventDate "2013.03.19"]
[EventType "swiss"]
[EventRounds "9"]
[EventCountry "VIE"]
[SourceTitle "CBM 153 Extra"]
[Source "ChessBase"]
[SourceDate "2013.04.22"]
[SourceVersion "1"]
[SourceVersionDate "2013.04.22"]
[SourceQuality "1"]

1. d4 Nf6 2. Nf3 g6 3. Bf4 d6 4. h3 Bg7 5. e3 0-0 6. Be2 c5 7. c3 b6 8. 0-0 Bb7 9. Bh2 Nc6 10. Nbd2 Rc8 11. Qa4 a6 12. Rfd1 b5 13. Qb3 Na5 14. Qa3 Qb6 15. Nb3 Bxf3 16. gxf3 Nc4 17. Bxc4 bxc4 18. dxc5 Qb7 19. c6 Qxc6 20. Nd4 Qa8 21. e4 Rc5 22. Kg2 Rh5 23. Bg3 e5 24. Ne2 d5 25. exd5 Nxd5 26. Qa4 Nf4+ 27. Bxf4 exf4 28. Ng1 Rc8 29. Rd6 Rg5+ 30. Kf1 Bf8 31. Rxa6 Rxg1+ 32. Kxg1 Qxf3 33. Qd7 Rc5 34. Qg4 Qb7 35. b4 cxb3 36. axb3 Rxc3 37. Ra8 h5 38. Qxf4 Rxh3 39. f3 Rxf3 40. Qd6 Kh7 41. Rxf8 Qe4 42. Ra2 Rf4 43. Re2 Qf3 44. Qd2 Qf1+ 45. Kh2 Rh4+ 0-1

[Event "Qinhuangdao op 1st"]
[Site "Qinhuangdao"]
[Date "2011.10.06"]
[Round "8"]
[White "Lu, Yijie"]
[Black "Batchuluun, Tsegmed"]
[Result "1/2-1/2"]
[WhiteElo "2370"]
[BlackElo "2435"]
[PlyCount "148"]
[EventDate "2011.10.01"]
[EventType "swiss"]
[EventRounds "9"]
[EventCountry "CHN"]
[SourceTitle "CBM 144 Extra"]
[Source "ChessBase"]
[SourceDate "2011.10.28"]
[SourceVersion "1"]
[SourceVersionDate "2011.10.28"]
[SourceQuality "1"]

1. e4 e6 2. d4 d5 3. Nd2 c5 4. exd5 Qxd5 5. Ngf3 cxd4 6. Bc4 Qd6 7. 0-0 Nf6 8. Nb3 Nc6 9. Nbxd4 Nxd4 10. Nxd4 a6 11. Bd3 Bd7 12. c3 Qc7 13. Bg5 Bd6 14. g3 Be5 15. Nf3 h6 16. Re1 Bd6 17. Bxf6 gxf6 18. Nd4 h5 19. Qf3 Be5 20. Bf1 h4 21. Bg2 0-0-0 22. Rad1 Rdg8 23. Rd3 Rg6 24. Qe3 hxg3 25. hxg3 Rgh6 26. Red1 Bxd4 27. cxd4 Bc6 28. Bxc6 bxc6 29. Qf3 Kd7 30. Rc1 Qd6 31. Rc5 f5 32. Kf1 Rb8 33. b3 Rb4 34. Rdc3 Ke7 35. R3c4 Rxc4 36. Rxc4 Qa3 37. Qf4 Rh5 38. Qc7+ Kf8 39. Qb8+ Kg7 40. Rc2 Rh1+ 41. Kg2 Rc1 42. Rxc1 Qxc1 43. Qe5+ Kg6 44. Qa5 Qc2 45. Qxa6 Qe4+ 46. Kg1 Qb1+ 47. Kg2 Qe4+ 48. f3 Qc2+ 49. Kf1 Qd1+ 50. Kf2 Qxd4+ 51. Ke2 c5 52. Qd3 Qg1 53. Qe3 Qb1 54. Qd2 Qg1 55. Qe1 Qd4 56. Qc1 e5 57. a4 e4 58. Qc2 Qg1 59. fxe4 Qg2+ 60. Kd1 Qf3+ 61. Kd2 fxe4 62. a5 Qf2+ 63. Kc1 Qe1+ 64. Kb2 Qxa5 65. Qxe4+ f5 66. Qe6+ Kg5 67. Qg8+ Kf6 68. Qf8+ Ke6 69. Qe8+ Kf6 70. Qf8+ Kg6 71. Qg8+ Kh6 72. Qh8+ Kg6 73. Qg8+ Kh6 74. Qh8+ Kg6 1/2-1/2

[Event "CHN-ch Prelim rap 1st"]
[Site "Hefei"]
[Date "2011.07.03"]
[Round "1"]
[White "Lu, Yijie"]
[Black "Ding, Liren"]
[Result "0-1"]
[WhiteElo "2370"]
[BlackElo "2654"]
[PlyCount "48"]
[EventDate "2011.07.03"]
[EventType "swiss (rapid)"]
[EventRounds "9"]
[EventCountry "CHN"]
[SourceTitle "CBM 143 Extra"]
[Source "ChessBase"]
[SourceDate "2011.08.29"]
[SourceVersion "1"]
[SourceVersionDate "2011.08.29"]
[SourceQuality "1"]

1. e4 c5 2. Nf3 e6 3. d4 cxd4 4. Nxd4 a6 5. Bd3 Nf6 6. 0-0 d6 7. Qe2 Nbd7 8. c3 Qc7 9. f4 b5 10. a4 bxa4 11. Rxa4 Nc5 12. Rc4 Qb7 13. e5 Nxd3 14. Qxd3 dxe5 15. fxe5 Nd5 16. Qf3 Qd7 17. Nb3 a5 18. Rd1 a4 19. Nc5 Qb5 20. Rxd5 exd5 21. Qxd5 Bb7 22. Qd4 Rd8 23. Qxd8+ Kxd8 24. Bg5+ Ke8 0-1

[Event "Moscow Aeroflot op-B 10th"]
[Site "Moscow"]
[Date "2011.02.13"]
[Round "6"]
[White "Xu, Jun"]
[Black "Lu, Yijie"]
[Result "1/2-1/2"]
[WhiteElo "2494"]
[BlackElo "2311"]
[PlyCount "68"]
[EventDate "2011.02.08"]
[EventType "swiss"]
[EventRounds "9"]
[EventCountry "RUS"]
[SourceTitle "CBM 140 Extra"]
[Source "ChessBase"]
[SourceDate "2011.03.01"]
[SourceVersion "1"]
[SourceVersionDate "2011.03.01"]
[SourceQuality "1"]

1. Nf3 Nf6 2. c4 g6 3. Nc3 Bg7 4. e4 d6 5. d4 0-0 6. Be2 e5 7. 0-0 Nc6 8. d5 Ne7 9. b4 Nh5 10. Re1 f5 11. Ng5 Nf6 12. Bf3 c6 13. Bb2 cxd5 14. cxd5 h6 15. Ne6 Bxe6 16. dxe6 fxe4 17. Nxe4 Nxe4 18. Rxe4 d5 19. Rxe5 Bxe5 20. Bxe5 Qb6 21. Qd2 Qxe6 22. Bb2 Rxf3 23. Qd4 Kf7 24. Qg7+ Ke8 25. gxf3 h5 26. Qh8+ Qg8 27. Qd4 Qe6 28. Bc3 Kd7 29. Re1 Nf5 30. Qd2 Qc6 31. Re5 Kd6 32. Qf4 Kd7 33. Qd2 Kd6 34. Qf4 Kd7 1/2-1/2

[Event "Moscow Aeroflot op-B 10th"]
[Site "Moscow"]
[Date "2011.02.10"]
[Round "3"]
[White "Lu, Yijie"]
[Black "Kabanov, Nikolai"]
[Result "1/2-1/2"]
[WhiteElo "2311"]
[BlackElo "2482"]
[PlyCount "78"]
[EventDate "2011.02.08"]
[EventType "swiss"]
[EventRounds "9"]
[EventCountry "RUS"]
[SourceTitle "CBM 140 Extra"]
[Source "ChessBase"]
[SourceDate "2011.03.01"]
[SourceVersion "1"]
[SourceVersionDate "2011.03.01"]
[SourceQuality "1"]

1. e4 d6 2. d4 Nf6 3. Nc3 e5 4. Nf3 Nbd7 5. Bc4 Be7 6. 0-0 0-0 7. a4 a6 8. a5 exd4 9. Qxd4 Ng4 10. Nd5 Nge5 11. Be2 Re8 12. b4 Bf8 13. Bb2 c6 14. Ne3 c5 15. bxc5 Nc6 16. Qd5 Nxc5 17. Ng5 Be6 18. Nxe6 fxe6 19. Qa2 Nxe4 20. Bh5 g6 21. Bf3 Nc5 22. Ng4 Bg7 23. Bxg7 Kxg7 24. Rad1 h5 25. Qa1+ e5 26. Bxc6 bxc6 27. Nxe5 Qf6 28. Nxc6 Qxa1 29. Rxa1 Rac8 30. Nb4 Re4 31. c3 Rc4 32. Ra3 Ne4 33. Nxa6 Nxc3 34. Re1 Ra8 35. Re7+ Kh6 36. Rc7 Rd4 37. Ra1 Rxa6 38. Rxc3 Rxa5 39. Rcc1 Rxa1 1/2-1/2

[Event "Ho Chi Minh City HD Bank op 1st"]
[Site "Ho Chi Minh City"]
[Date "2011.01.09"]
[Round "9"]
[White "Dao, Thien Hai"]
[Black "Lu, Yijie"]
[Result "1/2-1/2"]
[WhiteElo "2512"]
[BlackElo "2311"]
[PlyCount "60"]
[EventDate "2011.01.04"]
[EventType "swiss"]
[EventRounds "9"]
[EventCountry "VIE"]
[SourceTitle "CBM 140 Extra"]
[Source "ChessBase"]
[SourceDate "2011.03.01"]
[SourceVersion "1"]
[SourceVersionDate "2011.03.01"]
[SourceQuality "1"]

1. d4 d5 2. c4 c6 3. cxd5 cxd5 4. Nc3 Nc6 5. Nf3 Nf6 6. Bf4 Bf5 7. e3 e6 8. Bd3 Bxd3 9. Qxd3 Bd6 10. Bxd6 Qxd6 11. 0-0 0-0 12. h3 h6 13. Rfc1 Rfc8 14. Ne2 Ne7 15. Rxc8+ Rxc8 16. Rc1 Rxc1+ 17. Nxc1 Qc6 18. Ne2 Ne4 19. Nd2 Nxd2 20. Qxd2 Nf5 21. Qc3 Qxc3 22. Nxc3 Nd6 23. b3 b6 24. Kf1 Kf8 25. Ke2 Ke7 26. f3 f5 27. Kd3 Kd7 28. Ne2 g5 29. Nc3 Kc6 30. Ne2 Kd7 1/2-1/2

[Event "Ho Chi Minh City HD Bank op 1st"]
[Site "Ho Chi Minh City"]
[Date "2011.01.08"]
[Round "8"]
[White "Lu, Yijie"]
[Black "Nguyen, Van Huy"]
[Result "1-0"]
[WhiteElo "2311"]
[BlackElo "2449"]
[PlyCount "95"]
[EventDate "2011.01.04"]
[EventType "swiss"]
[EventRounds "9"]
[EventCountry "VIE"]
[SourceTitle "CBM 140 Extra"]
[Source "ChessBase"]
[SourceDate "2011.03.01"]
[SourceVersion "1"]
[SourceVersionDate "2011.03.01"]
[SourceQuality "1"]

1. e4 c6 2. d4 d5 3. Nd2 dxe4 4. Nxe4 Bf5 5. Ng3 Bg6 6. h4 h6 7. Nf3 Nf6 8. Ne5 Bh7 9. f4 e6 10. f5 Nbd7 11. Nxf7 Kxf7 12. fxe6+ Ke7 13. exd7 Kxd7 14. Bf4 Bb4+ 15. c3 Re8+ 16. Be2 Nd5 17. 0-0 Bd6 18. Bg4+ Kc7 19. Bxd6+ Qxd6 20. Rf7+ Re7 21. Qf3 Rxf7 22. Qxf7+ Kb6 23. Nf1 Bd3 24. Qe6 Qf4 25. Bf3 Rf8 26. a4 a6 27. Rd1 Bc2 28. Rd2 Bb3 29. Qe4 Qxe4 30. Bxe4 Ka5 31. Ng3 Rf4 32. h5 Kxa4 33. Bg6 Ne7 34. Bd3 Rg4 35. Ne4 Ka5 36. Nc5 Bf7 37. Nd7 Be6 38. b4+ Ka4 39. Nc5+ Ka3 40. Nxe6 Nd5 41. Rc2 Rg3 42. Nc5 b6 43. Kf2 Rg5 44. Ne6 Rxh5 45. Nf4 Nxf4 46. Bc4 Nd3+ 47. Bxd3 Kb3 48. Ke2 1-0

[Event "Ho Chi Minh City HD Bank op 1st"]
[Site "Ho Chi Minh City"]
[Date "2011.01.05"]
[Round "3"]
[White "Ton, Nu Hong An"]
[Black "Lu, Yijie"]
[Result "0-1"]
[WhiteElo "2006"]
[BlackElo "2311"]
[PlyCount "74"]
[EventDate "2011.01.04"]
[EventType "swiss"]
[EventRounds "9"]
[EventCountry "VIE"]
[SourceTitle "CBM 140 Extra"]
[Source "ChessBase"]
[SourceDate "2011.03.01"]
[SourceVersion "1"]
[SourceVersionDate "2011.03.01"]
[SourceQuality "1"]

1. e4 c6 2. d4 d5 3. Nc3 dxe4 4. Nxe4 Bf5 5. Ng3 Bg6 6. h4 h6 7. Nf3 Nd7 8. Bd3 Bxd3 9. Qxd3 e6 10. Bf4 Qa5+ 11. Bd2 Bb4 12. c3 Be7 13. b4 Qc7 14. a4 Ngf6 15. c4 0-0 16. 0-0 Rad8 17. Qc2 Ng4 18. Ne2 Ndf6 19. g3 Rd7 20. Rfb1 Rfd8 21. Kg2 a5 22. Bf4 Bd6 23. Bxd6 Rxd6 24. c5 R6d7 25. bxa5 e5 26. Ra3 exd4 27. Nfxd4 Rxd4 28. Nxd4 Rxd4 29. Rab3 Qxa5 30. Rxb7 Ne3+ 31. fxe3 Rd2+ 32. Qxd2 Qxd2+ 33. Kh3 Ne4 34. R1b2 Qxe3 35. R7b3 Qxc5 36. Ra2 h5 37. a5 Qg1 0-1

[Event "Ho Chi Minh City HD Bank op 1st"]
[Site "Ho Chi Minh City"]
[Date "2011.01.04"]
[Round "1"]
[White "Zhou, Weiqi"]
[Black "Lu, Yijie"]
[Result "1-0"]
[WhiteElo "2573"]
[BlackElo "2311"]
[PlyCount "57"]
[EventDate "2011.01.04"]
[EventType "swiss"]
[EventRounds "9"]
[EventCountry "VIE"]
[SourceTitle "CBM 140 Extra"]
[Source "ChessBase"]
[SourceDate "2011.03.01"]
[SourceVersion "1"]
[SourceVersionDate "2011.03.01"]
[SourceQuality "1"]

1. e4 c5 2. Nf3 d6 3. c3 Nf6 4. Be2 g6 5. 0-0 Bg7 6. Bb5+ Bd7 7. Bxd7+ Qxd7 8. Re1 Nc6 9. d4 cxd4 10. cxd4 d5 11. e5 Ne4 12. Nc3 Nxc3 13. bxc3 0-0 14. Ng5 Nd8 15. Qd3 Rc8 16. Bd2 Rc7 17. h4 Qg4 18. Re3 h6 19. Nf3 h5 20. Ng5 Qxh4 21. Rg3 f6 22. Re1 fxg5 23. Bxg5 Qxg3 24. fxg3 Rf5 25. Bc1 a6 26. Rf1 Rxf1+ 27. Kxf1 Kh7 28. g4 hxg4 29. Qg3 1-0

[Event "Kuala Lumpur op 7th"]
[Site "Kuala Lumpur"]
[Date "2010.09.04"]
[Round "5"]
[White "Goh, Wei Ming Kevin"]
[Black "Lu, Yijie"]
[Result "1/2-1/2"]
[WhiteElo "2428"]
[BlackElo "2308"]
[PlyCount "74"]
[EventDate "2010.09.01"]
[EventType "swiss"]
[EventRounds "9"]
[EventCountry "MAS"]
[SourceTitle "CBM 138 Extra"]
[Source "ChessBase"]
[SourceDate "2010.10.29"]
[SourceVersion "1"]
[SourceVersionDate "2010.10.29"]
[SourceQuality "1"]

1. e4 c5 2. Nf3 d6 3. d4 cxd4 4. Nxd4 Nf6 5. Nc3 a6 6. Be3 e6 7. f4 Qb6 8. Qd3 Qxb2 9. Rb1 Qa3 10. f5 Nc6 11. fxe6 fxe6 12. Nxc6 bxc6 13. Be2 Qa5 14. Bd2 Qc7 15. 0-0 Be7 16. e5 dxe5 17. Ne4 0-0 18. Nxf6+ Bxf6 19. Qe4 Bd7 20. h4 Be8 21. h5 Qd6 22. Be3 Qd5 23. Qg4 e4 24. Rb4 c5 25. Bc4 Qxh5 26. Bxe6+ Kh8 27. Rxe4 Qxg4 28. Bxg4 Bg6 29. Bf5 Rfe8 30. Rxe8+ Rxe8 31. Bxc5 Bxf5 32. Rxf5 Rc8 33. Kf1 Kg8 34. Ke2 Kf7 35. c4 Ke6 36. Rd5 Rd8 37. Rxd8 Bxd8 1/2-1/2

[Event "Asian Continental op 09th"]
[Site "Olongapo City"]
[Date "2010.04.21"]
[Round "1"]
[White "Dao, Thien Hai"]
[Black "Lu, Yijie"]
[Result "1-0"]
[WhiteElo "2523"]
[BlackElo "2349"]
[PlyCount "87"]
[EventDate "2010.04.21"]
[EventType "swiss"]
[EventRounds "9"]
[EventCountry "PHI"]
[SourceTitle "CBM 136 Extra"]
[Source "ChessBase"]
[SourceDate "2010.07.02"]
[SourceVersion "2"]
[SourceVersionDate "2010.07.15"]
[SourceQuality "1"]

1. d4 Nf6 2. c4 g6 3. Nc3 Bg7 4. e4 d6 5. Nf3 0-0 6. h3 e5 7. d5 Nbd7 8. g4 Nc5 9. Qc2 a5 10. Be3 h5 11. g5 Ne8 12. 0-0-0 Bd7 13. Rg1 b6 14. Nh4 c6 15. Rg3 cxd5 16. Nxd5 Ba4 17. b3 Bc6 18. Bg2 Bxd5 19. exd5 e4 20. Bxe4 f5 21. gxf6 Qxf6 22. Bxg6 a4 23. Bh7+ Kh8 24. Ng6+ Kxh7 25. Nxf8+ Kg8 26. Nh7 Qa1+ 27. Kd2 axb3 28. axb3 Qa5+ 29. b4 Qxb4+ 30. Ke2 Qa4 31. Qxa4 Nxa4 32. Ng5 Nc3+ 33. Ke1 Nxd1 34. Kxd1 Rc8 35. Ne6 Kf7 36. Rf3+ Bf6 37. Rf4 Rb8 38. Kc2 Ke7 39. Rf5 h4 40. Rh5 Kf7 41. Rh7+ Kg6 42. Nf8+ Kf5 43. Kd3 Ng7 44. Nd7 1-0

[Event "Wch U12"]
[Site "Belfort"]
[Date "2005.07.26"]
[Round "8"]
[White "Kociscak, Jiri"]
[Black "Lu, Yijie"]
[Result "1-0"]
[WhiteElo "2052"]
[BlackElo "1599"]
[PlyCount "89"]
[EventDate "2005.07.19"]
[EventType "swiss"]
[EventRounds "11"]
[EventCountry "FRA"]
[SourceTitle "CBM 107 Extra"]
[Source "ChessBase"]
[SourceDate "2005.09.01"]
[SourceVersion "1"]
[SourceVersionDate "2005.09.01"]
[SourceQuality "1"]

1. d4 Nf6 2. c4 g6 3. Nc3 Bg7 4. Nf3 0-0 5. g3 d6 6. Bg2 Nc6 7. 0-0 a6 8. h3 Rb8 9. Qc2 Nd7 10. Rd1 e5 11. e3 Re8 12. a3 f5 13. b4 e4 14. Nd2 Nf6 15. Qb3 Kh8 16. Bb2 b5 17. c5 dxc5 18. dxc5 Be6 19. Qc2 Qe7 20. Ne2 Qf7 21. Nf4 Red8 22. Nxe6 Qxe6 23. Nb3 Ne8 24. Bxg7+ Nxg7 25. Qc3 Rd5 26. Nd4 Nxd4 27. Rxd4 Rbd8 28. Rad1 Kg8 29. f3 Qe5 30. Qb3 c6 31. fxe4 fxe4 32. Rxe4 Qxg3 33. Rg4 Qe5 34. e4 Qc3 35. Qxc3 Rxd1+ 36. Kh2 R1d3 37. Qf6 Rc8 38. e5 Rf8 39. Qxc6 Rxa3 40. e6 Re3 41. Re4 Rxe4 42. Qxe4 Re8 43. Qc6 Kf8 44. Bd5 Rd8 45. Qc7 1-0